LEADER 00755naa a2200193 u 4500 001 000000094586 003 CaOOAMICUS 005 20070226130139.0 008 040505s1976 it u000 u ita u 035 $a10993449 040 $aIAR$bita 100 1 $aFranceschini, Ezio,$d1906-1983.$0(OLS)http://pul/name/6895 245 13$aLa Bibbia e i Padri nell'alto medioevo /$cEzio Franceschini. 260 $aPadova :$bEditrice Antenore,$c1976. 300 $aS. 48-75, ;$c26 cm 773 0 $aScritti di filologia latina medievale. 773 0 $aFranceschini, Ezio.$tScritti di filologia latina medievale$w()6792 996 $6245$aLa Bibbia e i Padri nell'alto medioevo$9(OLS)http://pul/title/121454 996 $6260$aPadova :$bEditrice Antenore$9(OLS)http://pul/publisher/48699 LEADER 01105nam a2200301 u 4500 001 000000065244 003 CaOOAMICUS 005 20070226121438.0 008 011203s1992 it u000 u ita u 020 $a8842041219 035 $a10912464 040 $aPUL(R)$bita 100 1 $aBerti, Enrico,$d1935-$0(OLS)http://pul/name/112 245 10$aAristotele nel Novecento /$cEnrico Berti. 260 $aRoma :$bLaterza,$c1992. 300 $a277 p. ;$c17 cm 490 1 $aUniversale Laterza ;$v741 500 $aContiene indici. 504 $aBibliografia in nota. 600 04$aAristoteles,$d384-322 a.C.$0(OLS)http://pul/subject/223 830 0$aUniversale Laterza ;$v741.$0(OLS)http://pul/title/569 850 $aPUL 852 $aPUL$W1$xSL Filosofia 1$y2$m82 F 59$j84515$nBK-PRI$qStampati$q $B84515$CPULBib$Z2$F84515 $H $81 941 1 $a8 961 $aINV: 70819 996 $6020$a8842041219$9(OLS)http://pul/number/84619 996 $6245$aAristotele nel Novecento$9(OLS)http://pul/title/86825 996 $6260$aRoma :$bLaterza$9(OLS)http://pul/publisher/47864